Embedded System / (Record no. 36974)

MARC details
000 -LEADER
fixed length control field 00289nam a22001217a 4500
005 - DATE AND TIME OF LATEST TRANSACTION
control field 20250714113701.0
008 - FIXED-LENGTH DATA ELEMENTS--GENERAL INFORMATION
fixed length control field 250714b |||||||| |||| 00| 0 eng d
082 ## - DEWEY DECIMAL CLASSIFICATION NUMBER
Classification number 005.8
Item number VAL-J
100 ## - MAIN ENTRY--AUTHOR
Author Name Valvano, Jonathan
245 ## - TITLE STATEMENT
Title Embedded System /
500 ## - GENERAL NOTE
General note INCLUDE INDEX.
952 ## - LOCATION AND ITEM INFORMATION (KOHA)
-- 0
-- 0
Holdings
Lost status Damaged status Collection code Permanent Location Current Location Date acquired Full Call Number Accession No./Barcode Date last seen item type Koha item type
    CS/IT Superior Information Resource Center (SIRC) Superior University- Gold Campus Superior Information Resource Center (SIRC) Superior University- Gold Campus 07/14/2025 005.8 VAL-E 2018 30312 07/14/2025 BOOK BOOK

Powered by Koha